Introduction to nanoscience and nanotechnology : A Workbook
Introduction to Nanoscience and Nanotechnology explains nanotechnology to an audience that does not necessarily have a scientific background. It covers all aspects, including the new areas of biomedical applications and the use of nanotechnology to probe the "quantum vacuum." After discuss...
Na minha lista:
| Autor principal: | |
|---|---|
| Formato: | Livro |
| Idioma: | Undetermined |
| Publicado em: |
Hoboken, N.J.
University of Notre Dame
2005
|
| Assuntos: | |
| Tags: |
Adicionar Tag
Sem tags, seja o primeiro a adicionar uma tag!
|
| Thư viện lưu trữ: | Trung tâm Học liệu Trường Đại học Cần Thơ |
|---|
| LEADER | 01075nam a2200229Ia 4500 | ||
|---|---|---|---|
| 001 | CTU_237209 | ||
| 008 | 210402s9999 xx 000 0 und d | ||
| 082 | |a 620.5 | ||
| 082 | |b K96 | ||
| 100 | |a Kuno, M. | ||
| 245 | 0 | |a Introduction to nanoscience and nanotechnology : | |
| 245 | 2 | |b A Workbook | |
| 245 | 0 | |c M. Kuno | |
| 260 | |a Hoboken, N.J. | ||
| 260 | |b University of Notre Dame | ||
| 260 | |c 2005 | ||
| 520 | |a Introduction to Nanoscience and Nanotechnology explains nanotechnology to an audience that does not necessarily have a scientific background. It covers all aspects, including the new areas of biomedical applications and the use of nanotechnology to probe the "quantum vacuum." After discussing the present state of the art in nanotechnology, the book makes estimates of where these technologies are going and what will be possible in the future. | ||
| 526 | |a Vật liệu cấu trúc nano | ||
| 526 | |b TN419 | ||
| 650 | |a Công nghệ nano,Nanotechnology | ||
| 910 | |i Tuyến | ||
| 980 | |a Trung tâm Học liệu Trường Đại học Cần Thơ | ||